| 000 | 01350nam a22003731 4500 | ||
|---|---|---|---|
| 001 | 006128 | ||
| 003 | DO-SdBNP | ||
| 005 | 20211109082741.0 | ||
| 007 | 006128 | ||
| 008 | 9007252010 dr spa | ||
| 017 |
_a _b |
||
| 020 | _a9945111264 | ||
| 035 | _a | ||
| 040 |
_aBPMSU _bspa _cBPMSU |
||
| 080 | _a | ||
| 080 | _a | ||
| 080 | _a | ||
| 082 | 4 |
_a355.027 _bB742p 2010 _222 |
|
| 100 | 1 |
_aBosch, Juan _d1909-2001 _91 |
|
| 245 | 1 | 3 |
_aEl pentagonismo sustituto del imperialismo / _h _cJuan Bosch ; introducción Leonel Fernández : prólogo Juan Luis Cebrián |
| 260 | 0 |
_aSanto Domingo : _bAguilar, _c2010 |
|
| 300 |
_a229 p. ; _b _c24 cm |
||
| 490 |
_a _v |
||
| 500 | _aIncluye datos biográficos del autor en la solapa de la cubierta | ||
| 500 | _aEste libro fue presentado como tesis ... a la tercera Conferencia Interamericana de Ciencias Políticas y Sociales que tuvo lugar en la Universidad Autónoma de Santo Domingo, República Dominicana, en el mes de noviembre de 1967." | ||
| 590 | _6Inventariado, 2021/VM | ||
| 650 | 4 |
_aGuerra _xAspectos económicos _zEstados Unidos _2 |
|
| 651 | 4 |
_aEstados Unidos _xPolítica militar _2 |
|
| 651 | 4 |
_aEstados Unidos _xPolítica económica _2 |
|
| 700 | 1 | 2 |
_aFernández, Leonel _eintroducción |
| 700 | _aCebrián, Juan Luis | ||
| 910 | _aVMateo V. | ||
| 942 |
_2ddc _cBK |
||
| 999 |
_c11320 _d11320 |
||